Statistics for WWE Nicknames Quiz

Click here to take the quiz!

General Stats

  • This quiz has been taken 15,197 times
  • The average score is 13 of 20

Answer Stats

Nickname(s)Superstar% Correct
The Viper / Legend Killer / WWE's Apex PredatorRandy Orton
94%
The Rated R SuperstarEdge
92%
The HitmanBret Hart
88%
Nature BoyRic Flair
88%
The AnimalGeorge Steele
85%
The Second City Saint / Voice of the Voiceless / Straight Edge SaviorCM Punk
74%
The Million Dollar ManTed DiBiase
74%
Captain CharismaChristian
73%
The All-American AmericanJack Swagger
71%
The American DreamDusty Rhodes
70%
SuperflyJimmy Snuka
70%
The GlamazonBeth Phoenix
64%
The Great White / LaochSheamus
62%
The KingJerry Lawler
61%
One Man Rock BandHeath Slater
57%
The FunkasaurusBrodus Clay
53%
The BrainBobby Heenan
46%
The Chosen OneDrew McIntyre
39%
The Dreadlocked DynamoKofi Kingston
32%
Cape Town Werewolf / DarewolfJustin Gabriel
28%

Score Distribution

Percentile by Number Answered

Percent of People with Each Score

Your Score History

You have not taken this quiz